Catálogo
 En Linea

Antología de la poesía amorosa en Honduras / (Registro nro. 39542)

Detalles MARC
000 -CABECERA
campo de control de longitud fija 00406nam a2200133 a 4500
001 - NÚMERO DE CONTROL
campo de control 000040052
005 - FECHA Y HORA DE LA ÚLTIMA TRANSACCIÓN
campo de control 20201002033905.0
008 - DATOS DE LONGITUD FIJA--INFORMACIÓN GENERAL
campo de control de longitud fija 130805s1975 ho 000 0 spa d
040 ## - FUENTE DE LA CATALOGACIÓN
Centro catalogador/agencia de origen DO-SdBNP
Lengua de catalogación spa
Centro/agencia transcriptor BNPHU
100 1# - ENTRADA PRINCIPAL--NOMBRE DE PERSONA
Nombre de persona Escoto, Julio
9 (RLIN) 16915
245 10 - MENCIÓN DE TÍTULO
Título Antología de la poesía amorosa en Honduras /
Mención de responsabilidad, etc. Julio Escoto.
260 ## - PUBLICACIÓN, DISTRIBUCIÓN, ETC.
Lugar de publicación, distribución, etc. Honduras :
Nombre del editor, distribuidor, etc. Banco Central de Honduras,
Fecha de publicación, distribución, etc. 1975.
300 ## - DESCRIPCIÓN FÍSICA
Extensión 204 p. ;
Dimensiones 22 cm.
Existencias
Estado de retiro Estado de pérdida Restricciones de uso No para préstamo Código de colección Localización permanente Ubicación/localización actual Ubicación en estantería Fecha de adquisición Número de inventario Total de préstamos Signatura topográfica completa Código de barras Fecha visto por última vez Precio válido a partir de Tipo de ítem Koha
      Excluido de préstamo Monografías: Libros y Folletos Patrimonio Dominicano Patrimonio Dominicano En catalogación 05.08.2013 LF1   40052-10 25.06.2020 25.06.2020 No se presta

Con tecnología Koha